<?xml version="1.0" encoding="UTF-8"?><?xml-stylesheet type="text/xsl" href="static/style.xsl"?><OAI-PMH xmlns="http://www.openarchives.org/OAI/2.0/" xmlns:xsi="http://www.w3.org/2001/XMLSchema-instance" xsi:schemaLocation="http://www.openarchives.org/OAI/2.0/ http://www.openarchives.org/OAI/2.0/OAI-PMH.xsd"><responseDate>2026-06-01T04:37:40Z</responseDate><request verb="GetRecord" identifier="oai:riuma.uma.es:10630/31135" metadataPrefix="marc">https://riuma.uma.es/rest/oai/request</request><GetRecord><record><header><identifier>oai:riuma.uma.es:10630/31135</identifier><datestamp>2026-02-03T10:59:23Z</datestamp><setSpec>com_10630_2254</setSpec><setSpec>col_10630_37953</setSpec></header><metadata><record xmlns="http://www.loc.gov/MARC21/slim" xmlns:dcterms="http://purl.org/dc/terms/" xmlns:doc="http://www.lyncode.com/xoai" xmlns:xsi="http://www.w3.org/2001/XMLSchema-instance" xsi:schemaLocation="http://www.loc.gov/MARC21/slim http://www.loc.gov/standards/marcxml/schema/MARC21slim.xsd">
   <leader>00925njm 22002777a 4500</leader>
   <datafield ind2=" " ind1=" " tag="042">
      <subfield code="a">dc</subfield>
   </datafield>
   <datafield ind2=" " ind1=" " tag="720">
      <subfield code="a">Gutierrez, Maria del Carmen</subfield>
      <subfield code="e">author</subfield>
   </datafield>
   <datafield ind2=" " ind1=" " tag="720">
      <subfield code="a">García-Mateos, Francisco José</subfield>
      <subfield code="e">author</subfield>
   </datafield>
   <datafield ind2=" " ind1=" " tag="720">
      <subfield code="a">Ruiz-Rosas, Ramiro Rafael</subfield>
      <subfield code="e">author</subfield>
   </datafield>
   <datafield ind2=" " ind1=" " tag="720">
      <subfield code="a">Rosas-Martínez, Juana María</subfield>
      <subfield code="e">author</subfield>
   </datafield>
   <datafield ind2=" " ind1=" " tag="720">
      <subfield code="a">Rodríguez-Mirasol, José</subfield>
      <subfield code="e">author</subfield>
   </datafield>
   <datafield ind2=" " ind1=" " tag="720">
      <subfield code="a">Cordero-Alcántara, Tomás</subfield>
      <subfield code="e">author</subfield>
   </datafield>
   <datafield ind2=" " ind1=" " tag="260">
      <subfield code="c">2024-07-01</subfield>
   </datafield>
   <datafield ind2=" " ind1=" " tag="520">
      <subfield code="a">In this study, the removal of two emerging pollutants (EPs), antipyrine and acetanilide, through adsorption on&#xd;
activated carbons (ACs) prepared by chemical activation of Organosolv lignin with H3PO4 were evaluated. ACs&#xd;
with different pore size distribution were obtained at different impregnation ratios (H3PO4/lignin, 0.5–3.0 w/w)&#xd;
and activating temperatures (500–900 ◦C). The porosity and surface chemistry of the ACs were determined, and a&#xd;
bimodal size distribution of micropores and narrow mesopores was observed for the different ACs. These ACs&#xd;
were tested for antipyrine and acetanilide adsorption in aqueous solutions in a batch system at 20 ◦C and low&#xd;
concentration levels (0.5–10 ppm). In general, the ACs exhibited higher adsorption affinity to acetanilide than to&#xd;
antipyrine due to its smaller molecular size. Langmuir adsorption isotherm was able to describe the adsorption&#xd;
equilibrium data. A new Linear Driving Force (2-LDF) kinetic model, based on the bimodal size distribution of&#xd;
micropores and narrow mesopores observed for the ACs has been developed. The new model provided a more&#xd;
accurate description of the batch adsorption rates than that obtained from conventional kinetic models, and also&#xd;
enabled to relate the pore size distribution of the adsorbent with the adsorption kinetics. The validity of this&#xd;
model was checked in small-scale column fixed bed adsorption for the AC showing the highest affinity for both&#xd;
EP. The kinetic model and equilibrium adsorption isotherm obtained from the batch experiments were suc-&#xd;
cessfully used to provide an accurate description of the bed service time and the full breakthrough profile of&#xd;
acetanilide and antipyrine.</subfield>
   </datafield>
   <datafield ind1="8" ind2=" " tag="024">
      <subfield code="a">María del Carmen Gutiérrez, Francisco José García-Mateos, Ramiro Ruiz-Rosas, Juana María Rosas, José Rodríguez-Mirasol, Tomás Cordero, Evaluation of acetanilide and antipyrine adsorption on lignin-derived activated carbons, Environmental Research, Volume 252, Part 2, 2024, 118918, ISSN 0013-9351,</subfield>
   </datafield>
   <datafield ind1="8" ind2=" " tag="024">
      <subfield code="a">https://hdl.handle.net/10630/31135</subfield>
   </datafield>
   <datafield ind1="8" ind2=" " tag="024">
      <subfield code="a">10.1016/j.envres.2024.118918</subfield>
   </datafield>
   <datafield tag="653" ind2=" " ind1=" ">
      <subfield code="a">Química</subfield>
   </datafield>
   <datafield tag="653" ind2=" " ind1=" ">
      <subfield code="a">Contaminantes</subfield>
   </datafield>
   <datafield tag="653" ind2=" " ind1=" ">
      <subfield code="a">Acetanilida - Absorción y adsorción</subfield>
   </datafield>
   <datafield tag="653" ind2=" " ind1=" ">
      <subfield code="a">Antipiréticos - Absorción y adsorción</subfield>
   </datafield>
   <datafield tag="653" ind2=" " ind1=" ">
      <subfield code="a">Carbón activado</subfield>
   </datafield>
   <datafield tag="653" ind2=" " ind1=" ">
      <subfield code="a">Lignina</subfield>
   </datafield>
   <datafield ind2="0" ind1="0" tag="245">
      <subfield code="a">Evaluation of acetanilide and antipyrine adsorption on lignin-derived activated carbons.</subfield>
   </datafield>
</record>
</metadata></record></GetRecord></OAI-PMH>